Loading...
| Literature - European | 0 | 6 | 1 | 0 | 55 | 73 | 112.50 | 0 | 2 | 5.07 | 16.75 |
| Literature - British | 0 | 4 | 0 | 1 | 40 | 90 | 120.00 | 0 | 0 | 2.44 | 9.50 |
| Science - Other | 0 | 4 | 0 | 1 | 40 | 97 | 114.00 | 0 | 1 | 2.11 | 11.88 |
| Fine Arts - Other | 0 | 4 | 0 | 2 | 40 | 113 | 123.50 | 0 | 1 | 1.42 | 10.00 |
| Fine Arts - Visual | 0 | 4 | 1 | 1 | 35 | 66 | 97.75 | 1 | 2 | 6.38 | 16.50 |
| Literature - American | 0 | 3 | 0 | 0 | 30 | 58 | 90.33 | 1 | 2 | 5.50 | 10.38 |
| Mythology | 0 | 2 | 0 | 0 | 20 | 93 | 107.00 | 0 | 0 | 3.17 | 5.38 |
| Science - Physics | 0 | 2 | 1 | 1 | 15 | 125 | 129.50 | 0 | 0 | 0.55 | 3.50 |
| Philosophy | 0 | 2 | 1 | 1 | 15 | 112 | 119.00 | 0 | 1 | 3.07 | 9.25 |
| Fine Arts - Classical Music | 0 | 1 | 0 | 0 | 10 | 66 | 66.00 | 0 | 0 | 2.29 | 2.50 |
| History - American | 0 | 1 | 0 | 1 | 10 | 129 | 129.00 | 0 | 0 | -0.04 | 1.00 |
| Pop Culture | 0 | 1 | 0 | 0 | 10 | 127 | 127.00 | 0 | 0 | 5.28 | 15.00 |
| Literature - World/Other | 0 | 1 | 1 | 0 | 5 | 137 | 137.00 | 0 | 0 | 1.61 | 5.50 |
| History - World | 0 | 1 | 1 | 0 | 5 | 125 | 125.00 | 0 | 0 | 0.04 | 1.25 |
| Religion | 0 | 0 | 1 | 0 | -5 | 0.00 | 0 | 0 | 0.00 | 0.00 | |
| Science - Biology | 0 | 0 | 1 | 0 | -5 | 0.00 | 0 | 0 | 0.34 | 2.50 | |
| Science - Chemistry | 0 | 0 | 1 | 0 | -5 | 0.00 | 0 | 0 | 0.00 | 0.00 | |
| Social Science | 0 | 1 | 3 | 0 | -5 | 92 | 92.00 | 0 | 1 | 1.00 | 3.13 |